| 000 -LEADER |
| fixed length control field |
00843cam a2200217 a 4500 |
| 020 ## - INTERNATIONAL STANDARD BOOK NUMBER |
| ISBN |
9291460907 |
| 040 ## - CATALOGING SOURCE |
| Transcribing agency |
DLC |
| 082 ## - DEWEY DECIMAL CLASSIFICATION NUMBER |
| Classification number |
330 INT 2000 A076 Or. |
| 245 00 - TITLE STATEMENT |
| Title |
Land degradation and strategies for sustainable development in the Ethiopian highlands : |
| Remainder of title |
Amhara Region / |
| 260 ## - PUBLICATION, DISTRIBUTION, ETC. (IMPRINT) |
| Place of publication |
Nairobi, Kenya : |
| Name of publisher |
International Livestock Research Institute, |
| Year of publication |
2000. |
| 300 ## - PHYSICAL DESCRIPTION |
| Number of Pages |
vii, 114 p. : |
| Other physical details |
ill., col. maps ; |
| Dimensions |
25 cm. |
| 490 1# - SERIES STATEMENT |
| Series statement |
Socio-econmics and policy research working paper ; |
| 500 ## - GENERAL NOTE |
| General note |
"Amhara National Regional State Bureau of Agriculture"--Cover. |
| 650 #0 - SUBJECT ADDED ENTRY--TOPICAL TERM |
| Topical Term |
Soil degradation |
| 650 #0 - SUBJECT ADDED ENTRY--TOPICAL TERM |
| Topical Term |
Agricultural productivity |
| 650 #0 - SUBJECT ADDED ENTRY--TOPICAL TERM |
| Topical Term |
Sustainable development |
| 700 0# - ADDED ENTRY--PERSONAL NAME |
| Personal name |
Lakew Desta. |
| 710 2# - ADDED ENTRY--CORPORATE NAME |
| Corporate name or jurisdiction name as entry element |
International Livestock Research Institute. |
| 710 2# - ADDED ENTRY--CORPORATE NAME |
| Corporate name or jurisdiction name as entry element |
Amhara National Regional State Bureau of Agriculture. |
| 942 ## - ADDED ENTRY ELEMENTS (KOHA) |
| Koha item type |
សៀវភៅភាសាអង់គ្លេស |
| 952 ## - LOCATION AND ITEM INFORMATION (KOHA) |
| Withdrawn status [LOCAL, KOHA] |
0 |